Poskytovanie naturálnej mzdy
Zákon o mzde v par. 13 umožňuje zamestnávateľovi poskytovať zamestnancovi časť mzdy v naturálnej forme. Ako naturálnu mzdu možno poskytovať - výrobky, výkony, práce alebo služby. Forma naturálnej mzdy. Súhlas zamestnanca k poskytnutiu naturálnej mzdy. Zdanenie a poistné. Príklad z praxe.
Salvato in:
| Autore principale: | |
|---|---|
| Natura: | Capitolo di libro |
| Lingua: | slovacco |
| Soggetti: | |
| Tags: |
Nessun Tag, puoi essere il primo ad aggiungerne!!
|
MARC
| LEADER | 00000naa a2200000 4500 | ||
|---|---|---|---|
| 001 | r032260 | ||
| 005 | 20230926072529.4 | ||
| 041 | 0 | |a slo | |
| 044 | |a SK | ||
| 245 | 1 | 0 | |a Poskytovanie naturálnej mzdy |c Miroslav Mačuha |
| 520 | |a Zákon o mzde v par. 13 umožňuje zamestnávateľovi poskytovať zamestnancovi časť mzdy v naturálnej forme. Ako naturálnu mzdu možno poskytovať - výrobky, výkony, práce alebo služby. Forma naturálnej mzdy. Súhlas zamestnanca k poskytnutiu naturálnej mzdy. Zdanenie a poistné. Príklad z praxe. | ||
| 610 | 2 | 0 | |a mzdy naturálne |
| 610 | 2 | 0 | |a formy mzdy |
| 610 | 2 | 0 | |a zamestnanci |
| 610 | 2 | 0 | |a zamestnávatelia |
| 610 | 2 | 0 | |a odmeňovanie |
| 100 | 1 | |a Mačuha, Miroslav | |